000 00775nam a2200265 i 4500
001 bg
100 1 _aDebolini, Francesca.
245 0 _ada Vinci /
_c[tekst Francesca Debolini ; tł. Agata Ferens].
260 _aWarszawa :
_bRzeczpospolita ;
_bHPS,
_c2006.
300 _a143 s. :
_bil. ;
_c26 cm.
490 1 _aKlasycy Sztuki ;
_v4
600 0 9 _aLeonardo da Vinci
_d(1452-1519)
_xtwórczość
650 0 _aMalarstwo włoskie
_xhistoria
_y15-16 w.
700 0 1 _aFerens, Agata
_eTł.
830 _aKlasycy Sztuki ;
020 _a9788360529034
020 _a8360529035
040 _cBPK
041 1 _apol
_hita
080 _a75.071(450)"15"A/Z
920 _a978-83-60529-03-4
920 _a83-60529-03-5
942 _cKS
008 s pl f |000 0 pol
999 _c53724
_d53724
856 _uhttp://koha.tu.koszalin.pl/cgi-bin/koha/opac-detail.pl?biblionumber=53724
_yKatalog online BPK